Asia by airports Quiz Stats

 Plays Quiz not verified by Sporcle

Score 0/48 Timer 10:00
1 Play Today
% Correct
North Korea
83.3%
China
83%
Singapore
80.8%
Kuwait
78.3%
Mongolia
77.2%
South Korea
77.1%
Syria
76.9%
Brunei
76.2%
Oman
74.8%
Lebanon
73.1%
Bahrain
70.2%
Cambodia
69.3%
Philippines
68.4%
Israel
67.2%
Saudi Arabia
67.2%
Japan
65.5%
Yemen
64.7%
Iraq
63.9%
Turkmenistan
56.1%
Afghanistan
52.2%
Myanmar
52%
Tajikistan
51%
Turkey
47.7%
Jordan
47.4%
% Correct
Vietnam
46.1%
India
45%
Thailand
43.4%
Taiwan
43.4%
UAE
39.3%
Russia
39.2%
Malaysia
39.1%
Laos
38.7%
Kazakhstan
37.8%
Sri Lanka
35.4%
Timor-Leste
27.1%
Pakistan
26.4%
Bhutan
26.4%
Iran
26.3%
Nepal
25.6%
Kyrgyzstan
23.9%
Qatar
23.2%
Uzbekistan
20.3%
Armenia
18.9%
Azerbaijan
18.7%
Indonesia
17.8%
Georgia
17.1%
Maldives
16.1%
Bangladesh
11.4%

You're not logged in!

Compare scores with friends on all Sporcle quizzes.
OR
Log In

Show Comments

Extras

Top Quizzes Today


Score Distribution

Your Account Isn't Verified!

In order to create a playlist on Sporcle, you need to verify the email address you used during registration. Go to your Sporcle Settings to finish the process.

Report this User

Report this user for behavior that violates our Community Guidelines.

Details: